000 005390000a22001810004500
020 _a0-85151-029-9
041 0 _aENG
082 0 4 _aG 268.432 S3727o
100 1 _aSchoolland, Marian M.
245 1 0 _aLeading little ones to God : A child's book of Bible teachings / Marian M. Schoolland
260 _aMurrayfield Road, Edinburg : The Banner of Truth Trust
300 _aXIII, 286 Pag
001 7973
942 _cBK
999 _c38172
_d38172
336 _atexto
_btxt
_2rdacontent
337 _2rdamedia
_asin mediación
_bn
338 _2rdacarrier
_avolumen
_bnc